LEADER 01024nam 2200361 4500 001 990000731060203316 010 $a0-387-94289-0 035 $a0073106 035 $aUSA010073106 035 $a(ALEPH)000073106USA01 035 $a0073106 100 $a20011112d1994----km-y0ENGy0103----ba 101 $aeng 102 $aUS 200 1 $aUnsolved problems in number theory$fRichard K. Guy 205 $a2 ed. 210 $aNew York$cSpringer$dc1994 215 $aXVI, 285 p.$d24 cm 225 2 $aProblem books in mathematics$v1 410 $12001$aProblem books in mathematics$v1 606 $aTeoria dei numeri 676 $a512.7 700 1$aGUY,$bRichard K.$047477 801 0$aIT$bsalbc$gISBD 912 $a990000731060203316 951 $a512.7 GUY$b10762 ING$c512.7 959 $aBK 969 $aTEC 979 $aPATTY$b90$c20011112$lUSA01$h1227 979 $c20020403$lUSA01$h1721 979 $aPATRY$b90$c20040406$lUSA01$h1650 996 $aUnsolved problems in number theory$981813 997 $aUNISA